000 00698nam a2200289Ia 4500
005 20260324144056.0
008 008 260324s9999 xx 000 0 eng d
020 _a9781315807515
037 _aEBOOK
040 _aCRL
040 _beng
040 _cCRL
041 _2eng
041 _aeng
084 _qCRL
100 _aChizuko Izawa
_91202368
245 0 _aCurrent Issues in Cognitive Processes
245 4 _bThe Tulane Flowerree Symposia on Cognition
260 _bTaylor and Francis
260 _c1989
365 _a
365 _b145
856 _uhttp://www.taylorfrancis.com/books/9781315807515
942 _cEBOOK
999 _c1824158
_d1824158